000 00208 a2200097 4500
020 _a9781933693101
041 _aspa
100 _aGarza, Xavier
245 _aLucha Libre: The man in the silver mask
942 _cBK
999 _c7966
_d7966